Política Sociedad y Crisis

Gardado en:
Detalles Bibliográficos
Autor Corporativo: Instituto Popular de Capacitación
Formato: Texto
Publicado: Medellín: Instituto Popular de Capacitación
Etiquetas: Engadir etiqueta
Sen Etiquetas, Sexa o primeiro en etiquetar este rexistro!

MARC

LEADER 00000 a a2200000 04500
001 25402
003
040
020 |a O121-6791  
090 |a 181700  
110 |a Instituto Popular de Capacitación  
245 |a Política Sociedad y Crisis  
260 |a Medellín:   |b Instituto Popular de Capacitación  
300 |a 132 p  
999 |c 6066  |d 6066